Memoria sobre la naturaleza del hombre leída en la Academia de Ciencias Naturales de Madrid / (Registro nro. 153392)

Detalles MARC
000 -LEADER
campo de control de longitud fija 01069nam a22002415i 4500
001 - NÚMERO DE CONTROL
campo de control 153392
003 - IDENTIFICADOR DE NÚMERO DE CONTROL
campo de control ES-MaACL
005 - FECHA Y HORA DE LA ÚLTIMA TRANSACCIÓN
campo de control 20250727024452.0
008 - DATOS DE LONGITUD FIJA--INFORMACIÓN GENERAL
campo de control de longitud fija 990122e1845 sp |||| | spa d
040 ## - FUENTE DE CATALOGACIÓN
Centro catalogador/agencia de origen CCPB | B
Lengua de catalogación spa
Centro/agencia transcriptor CCPB | B
100 1# - ENTRADA PRINCIPAL--NOMBRE DE PERSONA
Nombre de persona Davila, Manuel Hermenegildo.
9 (RLIN) 126709
Término indicativo de función/relación Autor
245 10 - MENCIÓN DEL TÍTULO
Título Memoria sobre la naturaleza del hombre leída en la Academia de Ciencias Naturales de Madrid /
Mención de responsabilidad, etc. por Manuel Hermenegildo Davila.
260 ## - PUBLICACIÓN, DISTRIBUCIÓN, ETC.
Lugar de publicación, distribución, etc. Salamanca :
Nombre del editor, distribuidor, etc. [s.n.],
Fecha de publicación, distribución, etc. 1845
Fabricante (Imp. de Juan José Morán)
300 ## - DESCRIPCIÓN FÍSICA
Extensión 32 páginas ;
Dimensiones 20 cm.
530 ## - NOTA DISPONIBLE DE FORMULARIO FÍSICO ADICIONAL
Nota de formato físico adicional disponible Disponible en formato digital
650 #7 - PUNTO DE ACCESO ADICIONAL DE MATERIA--TÉRMINO DE MATERIA
Término de materia o nombre geográfico como elemento de entrada Antropología física
Fuente del encabezamiento o término embne
9 (RLIN) 9893
710 2# - ENTRADA AGREGADA--NOMBRE DE ENTIDAD CORPORATIVA
9 (RLIN) 143767
Nombre de entidad corporativa o nombre de jurisdicción como elemento de entrada Academia de Ciencias Naturales (Madrid)
Término indicativo de función/relación entidad responsable
852 ## - LOCALIZACIÓN
Ubicación ES-MaACL
Ubicación en estantería Depósito
Signatura antigua Olim: G-15442
Anotaciones manuscritas Ded. manuscrita del autor a Mateo Seoane
Donativo/Legado Donat. Mateo Seoane
Número de control de estantería R-1364(2)
Encuadernación Holandesa
856 ## - LOCALIZACIÓN Y ACCESO ELECTRÓNICOS
Identificador Uniforme de Recursos <a href="http://bdh-rd.bne.es/viewer.vm?id=0000096989&page=1 ">http://bdh-rd.bne.es/viewer.vm?id=0000096989&page=1 </a>
Texto de enlace Versión en línea
Nota pública (Biblioteca Digital Hispánica)
942 ## - ELEMENTOS DE ENTRADA SECUNDARIOS (KOHA)
Fuente del sistema de clasificación o colocación Clasificación decimal universal
Tipo de ítem Koha Libro impreso antiguo
Suprimir en OPAC No
Existencias
Estatus retirado Estado de pérdida Estado de daño No para préstamo Colección Biblioteca de origen Biblioteca actual Ubicación en estantería Fecha de adquisición Fuente de adquisición Total de préstamos Signatura topográfica completa Código de barras Visto por última vez Precio de reemplazo Tipo de ítem Koha
        Colección digital Biblioteca del Ateneo de Madrid Biblioteca del Ateneo de Madrid Depósito 17/01/2008     R-1364(2) 1160308 23/02/2023 23/02/2023 Libro impreso antiguo